000 00473nam a22001817a 4500
003 MPLRDC
005 20220104144027.0
008 210129b ||||| |||| 00| 0 eng d
082 _a550.1 MCK
100 _aRICHARD B. MCKENZIE等
245 _a经济学的新世界
_c黄瑞伸译
250 _a初版
260 _a台湾
_b桂冠图书股份有限公司
_c1985
300 _b
490 _a桂冠丛书. 3
650 _a经济学原理
942 _cBK
_o550.1 MCK
999 _c45666
_d45656